000 01281cab a2200229 4500
001 ##L136806
008 070223n2007 000 0 eng u
035 _a(Sirsi) u136806
041 0 _aeng
100 1 _aPattison, Jenny
245 0 0 _aMinimising bureaucracy?
260 _c2007
490 0 _aNew Law Journal
_v157(7259) 9 February 2007, 203-204(2)
520 _aReports on key changes introduced by the Construction (Design and Management) Regulations 2007. Briefly explains the scope of the Regulations and how they aim to reduce construction accidents. Outlines the project participants' duties under the Regulations and summarises the main changes to the duty holders' duties, including the client, planning co-ordinator, designers, and contractors. Notes that from April 2007, the 2007 Regulations will apply to all projects, although with modified effect so it will not be necessary to revisit actions taken under the 1994 Regulations.
590 _aKA
650 2 4 _aCONSTRUCTION (DESIGN AND MANAGEMENT) REGULATIONS 2007
650 2 4 _aCONSTRUCTION (DESIGN AND MANAGEMENT) REGULATIONS 1994
651 4 _aGREAT BRITAIN
690 _aHealth and safety
_96244
690 _aBUILT ENVIRONMENT-CONSTRUCTION MANAGEMENT-CONSTRUCTION DESIGN AND MANAGEMENT
942 _n0
999 _c78453
_d78453